Geboren in Marl - Statistiken

Allgemein
  • Dieses Quiz wurde 12 mal gespielt
    6 seit der letzten Aktualisierung
  • Das Durchschnittsergebnis liegt bei 2 aus 6
Antwortstatistiken
Hinweis Antwort % Korrekt
Fußballtrainer (u.a. Bochum, Duisburg, Schalke und Köln) 1955 Peter Neururer
100%
Regisseur, "Der bewegte Mann" "Das Wunder von Bern" "Der Vorname" 1959 Sönke Wortmann
60%
Bischof von Essen seit 2009 1964 Franz-Josef Overbeck
0%
Schauspieler, "Babylon Berlin" "The Team" 1982 Hendrik Heutmann
0%
Fußballnationaltorhüterin, Eintracht Frankfurt 2003 Sophia Winkler
0%
Chemiker und Erfinder, maßgeblich für die Entwicklung der Degussa AG 1913 Werner Schwarze
0%
Keine übereinstimmenden Quizze gefunden
Verteilung der Resultate
Anzahl Personen mit jedem Resultat
Perzentil nach korrekt beantworteten Fragen
Ihre Resultats-Entwicklung
Sie haben dieses Quiz seit der letzten Aktualisierung nicht gespielt